000 00330nam a2200145Ia 4500
005 20250320151513.0
008 240331s9999 xx 000 0 und d
082 _bNIK
_a894
245 0 _aNikal
260 _aKovai
_bUravu acahagam
_c1991
300 _a105 p .,
650 _aPoems
700 _aPalanisamy, K.
_eedt
942 _cL
999 _c4087
_d4087